| 000 | 00377nam a2200145Ia 4500 | ||
|---|---|---|---|
| 008 | 210210b1987 xxu||||| |||| 00| 0 eng d | ||
| 082 | _a821.0708 AMIN | ||
| 100 | _aAMIS (Kingsley). | ||
| 245 | _aNew Oxford book of light verse. | ||
| 260 |
_aN Y _bOxford University Press _c1987 |
||
| 300 | _axxxiv,349 | ||
| 650 | _aLight Verse | ||
| 690 | _aEnglish Poetry | ||
| 906 | _a043656 | ||
| 999 |
_c93427 _d93427 |
||